| 000 | 00566nam a22002177a 4500 | ||
|---|---|---|---|
| 003 | BUBTL | ||
| 008 | 160808b xxu||||| |||| 00| 0 eng d | ||
| 020 | _a978-1-118-43441-3 | ||
| 082 | _a512.5ANE | ||
| 100 |
_9774 _aAnton,Howard/ Rorres,Chris |
||
| 245 | _aElementry Linear Algebra | ||
| 250 | _a11th | ||
| 260 |
_aCanada _bWiley _cc2014 |
||
| 300 |
_a[xii],713p. _c24cm. |
||
| 650 | 0 |
_9124 _aMathematics |
|
| 700 |
_9775 _aAnton,Howard/ Rorres,Chris |
||
| 760 | _b11th | ||
| 856 |
_k0 _l0 _yDownload |
||
| 942 |
_2ddc _cBK |
||
| 999 |
_c5323 _d5323 |
||